00250nam a2200097Ia 4500008004100000041000800041100002100049245002800070260003500098999001900133241105s9999 xx 000 0 und d aeng aPatil R.9181800 aIntrastrate Bus Station bFinal Year B. Arch, BNCAc2000 c359982d359982